The Journal of Corporation Law

Bibliographic Details
Format: eBook
Language:English
Published: Ames: University of Iowa Journal of Corporation Law, 2007 -
Subjects:
Online Access:Acceso restringido

MARC

LEADER 00000nam a22000007a 4500
005 2019092507407.0
007 cr|||| ||||
008 190925c20079999us qr|w s|||| 0|||b1eng d
020 |a 0360-795X 
035 |a 5425 
040 |a vLex 
090 |c 9638  |d 9638 
245 0 3 |a The Journal of Corporation Law  |h [Recurso electrn̤ico] / 
256 |a Servicio en ln̕ea 
260 |a Ames:  |b University of Iowa Journal of Corporation Law,  |c 2007 - 
300 |a 1 recurso electrn̤ico 
310 |a Trimestral 
506 1 |a Disponible solo en los productos indicados  |d vLex Global  |d vLex Global (Academic Edition, excluding Law Schools)  |d vLex Global (Academic Edition, Law Schools) 
650 0 4 |a Sociedades  |z Estados Unidos 
740 0 |a vLex Revistas (Servicio en ln̕ea) 
856 4 0 |u http://vlex.com/source/the-journal-of-corporation-law-5425  |z Acceso restringido 
942 |c REV 
999 0 |a Societies